| 000 | 00386 a2200133 4500 | ||
|---|---|---|---|
| 001 | 92373 | ||
| 082 | _aPR 2572 | ||
| 090 |
_c44342 _d44343 |
||
| 100 | _aSohail Shahid; Prof Babar Saeed (Advisor) | ||
| 245 |
_aFeasibility Study to Install Fire Fighting Equipment Mi- 171 Helicopter _n79 "A" EC |
||
| 260 |
_aIslamabad _bNUST _c2015 |
||
| 300 | _axiii'66p. | ||
| 500 | _aBE Project Report | ||
| 942 |
_aCEA NUST _kPR 2572 |
||
| 999 |
_c327446 _d327446 |
||